| 000 | 00630nam a22001577a 4500 | ||
|---|---|---|---|
| 008 | 170309b xxu||||| |||| 00| 0 eng d | ||
| 082 |
_22016 _aUT 0701 _bR28 |
||
| 100 |
_919151 _aRemoroza, Dahlia S. |
||
| 245 |
_aStudents Involvement in Extracurricular Activities And The Academic Achievements Of 2nd Year College of UMDC. _cDahlia S. Remoroza, Reah Mae C. Sarabia and Jean S. Villagracia. |
||
| 300 |
_a40 pages; _b28 cm. |
||
| 650 | 0 |
_919152 _aEducation _vEnglish _xUndergraduate Thesis. |
|
| 700 |
_919153 _aRemoroza, Dahlia S. |
||
| 700 |
_919154 _aSarabia, Reah Mae C. |
||
| 700 |
_919155 _aVillagracia, Jean S. |
||
| 942 |
_2ddc _cUT |
||
| 999 |
_c6366 _d6366 |
||